| 000 | 00400nam a2200133Ia 4500 | ||
|---|---|---|---|
| 008 | 160216s9999 xx 000 0 und d | ||
| 100 | _aLecinski, J. | ||
| 245 | _aWinning the zero moment of truth / | ||
| 245 | _cJ. Lecinski. | ||
| 260 | _bVook | ||
| 260 | _c2011 | ||
| 650 | _xEntreprenuership (eBooks). | ||
| 856 | _uhttps://ssl.gstatic.com/think/docs/2011-winning-zmot-ebook_research-studies.pdf | ||
| 999 |
_c290609 _d290609 |
||